The festival in the history and culture of the khasi / (Record no. 123021)

MARC details
000 -LEADER
fixed length control field 00806nam a22002297a 4500
005 - DATE AND TIME OF LATEST TRANSACTION
control field 20170124105919.0
010 ## - LIBRARY OF CONGRESS CONTROL NUMBER
LC control number A-517490
020 ## - INTERNATIONAL STANDARD BOOK NUMBER
Terms of availability 00.00
035 ## - SYSTEM CONTROL NUMBER
System control number A-517490
037 ## - SOURCE OF ACQUISITION
Source of stock number/acquisition Cen Lib/Ret
040 ## - CATALOGING SOURCE
Original cataloging agency DPL
Language of cataloging EN
082 ## - DEWEY DECIMAL CLASSIFICATION NUMBER
Classification number 307.77095458
Item number LYN
100 ## - MAIN ENTRY--PERSONAL NAME
Personal name Lyngdoh, Mary Pristilla Rina
9 (RLIN) 3697
245 ## - TITLE STATEMENT
Title The festival in the history and culture of the khasi /
Statement of responsibility, etc by Mary Pristilla Rina Lyngdoh
260 ## - PUBLICATION, DISTRIBUTION, ETC. (IMPRINT)
Place of publication, distribution, etc New Delhi
Name of publisher, distributor, etc Vikas Publishing House
Date of publication, distribution, etc 1991
270 ## - ADDRESS
Address 576 Msjid Road, Jangpura
City New Delhi
Postal code 110014
300 ## - PHYSICAL DESCRIPTION
Extent 220p.
Dimensions 22cm(Hb)
500 ## - GENERAL NOTE
General note Includes bibliographical references and index
650 ## - SUBJECT ADDED ENTRY--TOPICAL TERM
Topical term or geographic name as entry element Khasi (Indic people)--Social life and customs
9 (RLIN) 73925
650 ## - SUBJECT ADDED ENTRY--TOPICAL TERM
Topical term or geographic name as entry element Meghalaya (India). Legislative Assembly
9 (RLIN) 73926
942 ## - ADDED ENTRY ELEMENTS (KOHA)
Source of classification or shelving scheme Dewey Decimal Classification
Koha item type English Books
Classification part 307.772095458
Call number suffix LYN
Holdings
Withdrawn status Lost status Damaged status Not for loan Home library Current library Date acquired Source of acquisition Cost, normal purchase price Total Checkouts Full call number Barcode Date last seen Copy number Cost, replacement price Price effective from Koha item type Public note
Written off       Central Library Central Library 01/06/2015 Cen Lib/Ret 0.00   307.77095458 LYN A-517490 01/06/2015 1 0.00 01/06/2015 English Books W/d List No. 6896/15 ; dtd 19/10/2020

© Delhi Public Library
Hit Counter
free hit counter